00945nab a22002057a 4500003000400000005001700004008004100021040000700062100002400069245011000093260004200203300001300245500003500258505017000293505008900463650002000552650002800572650002300600773011600623OSt20260223095415.0190506c xxu||||| |||| 00| 0 spa d cPJ aBonsignore, Julieta13aEl camino hacia el reconocimiento y la igualdad del personal de casas particulares /cJulieta Bonsignore. aBuenos Aires :bAbeledoPerrot,c2024. ap. 23-32 aCita: TR LALEY AR/DOC/47/2024. aSumario: I. Introducción.— II. Fuentes y Evolución normativa.— III. Enfoque de género en el trabajo doméstico.— IV. Conclusiones.— V. Bibliografía. t¿Te interesa el texto completo? Comunicate al correo: koha@justierradelfuego.gov.ar 0aDERECHO LABORAL 0aPERSPECTIVA DE GÉNERO 0aTRABAJO DE MUJERES0 02751dBuenos Aires : AbeledoPerrot, 2013-tRevista de derecho laboral y seguridad social. Nº 3 - Febrero 2024